Antonym Song Titles #2 - Statistics

General Stats
  • This quiz has been taken 37 times
  • The average score is 10 of 15
Answer Stats
Hint Hint Answer % Correct
Avicii Sleep You Down Wake Me Up
91%
Doja Cat Man Woman
91%
Billie Eilish Good Girl Bad Guy
85%
The Beatles There Goes The Moon Here Comes The Sun
85%
XXXTentacion Sunlight Moonlight
85%
Maroon 5 He Won't Be Hated She Will Be Loved
82%
Calvin Harris Winter Summer
82%
Harry Styles Pumpkin Salt Watermelon Sugar
79%
Juice WRLD No Boys Are Different All Girls Are The Same
65%
Rihanna I Lost Hate We Found Love
62%
Cardi B You Hate It I Like It
41%
One Direction Day Similarities Night Changes
38%
Tom Odell Same Hate Another Love
35%
Post Malone Darn. Wow.
15%
DaBaby Salt Suge
12%
No matching quizzes found
Score Distribution
Percent of People with Each Score
Percentile by Number Answered
Your Score History
You have not taken this quiz